Igbajo and its people

Salvato in:
Dettagli Bibliografici
Autore principale: FASIKU, Ademola
Natura: Libro
Lingua:inglese
Pubblicazione: Sefer Books 2012
Tags: Aggiungi Tag
Nessun Tag, puoi essere il primo ad aggiungerne!!

MARC

LEADER 00000nam a22000007a 4500
008 210608b ||||| |||| 00| 0 eng d
020 |a 978-8059-15-5 
100 |a FASIKU, Ademola. 
245 |a Igbajo and its people  |c Ademola Fasiku  |g xxii, 299p; ill. 
260 |b Sefer Books  |c 2012  |h Ibadan  |i 681059   |l DT515.9 .I347F26  |m Igbajo (Nigeria) – History. 
500 |a “It includes references” 
942 |a lcc  |c BK  |e YUNUSA, A.A.  |f 8/6/2021 
952 |0 0  |1 0  |2 lcc  |4 0  |6 DT05159 I347 F26  |7 0  |9 2542  |a HOL  |b AC  |c AF  |d 2021-06-08  |l 0  |o DT515.9 .I347F26  |p 2021-6393  |r 2021-06-08 00:00:00  |w 2021-06-08  |y BK 
999 |c 1323  |d 1323